Подробности
| 000 -МАРКЕР |
| контрольное поле |
01451nam0a2200337 4500 |
| 001 - ИДЕНТИФИКАТОР ЗАПИСИ |
| контрольное поле |
RU\NLR\bibl\2038963 |
| 005 - ИДЕНТИФИКАТОР ВЕРСИИ |
| контрольное поле |
20260406115940.0 |
| 010 ## - МЕЖДУНАРОДНЫЙ СТАНДАРТНЫЙ НОМЕР КНИГИ (ISBN) |
| Номер (ISBN) |
978-5-88353-475-0 |
| Уточнения |
серия |
| 010 ## - МЕЖДУНАРОДНЫЙ СТАНДАРТНЫЙ НОМЕР КНИГИ (ISBN) |
| Номер (ISBN) |
978-5-88353-486-6 |
| Тираж |
5000 |
| Уточнения |
БММ |
| 021 ## - НОМЕР ГОСУДАРСТВЕННОЙ РЕГИСТРАЦИИ |
| Код страны |
Российская Федерация |
| Номер |
2013-35564 |
| Номер Листа государственной регистраци |
2437 |
| 035 ## - ДРУГИЕ СИСТЕМНЫЕ НОМЕРА |
| Идентификатор записи |
(NLR Aleph) 002026299 |
| 100 ## - ДАННЫЕ ОБЩЕЙ ОБРАБОТКИ |
| Данные общей обработки |
20130603d2012 |||y0rusy50 ca |
| 101 0# - ЯЗЫК РЕСУРСА |
| Язык текста, звукозаписи и т.д. |
русский |
| 102 ## - СТРАНА ПУБЛИКАЦИИ ИЛИ ПРОИЗВОДСТВА |
| Страна публикации |
Российская Федерация |
| -- |
Украина |
| 105 ## - ПОЛЕ КОДИРОВАННЫХ ДАННЫХ: ТЕКСТОВЫЕ МАТЕРИАЛЫ, МОНОГРАФИЧЕСКИЕ |
| Кодированные данные о монографическом текстовом документе |
a ||||||||| |
| 200 1# - ЗАГЛАВИЕ И СВЕДЕНИЯ ОБ ОТВЕТСТВЕННОСТИ |
| Основное заглавие |
Капитанская дочка |
| Сведения, относящиеся к заглавию |
[роман] |
| Первые сведения об ответственности |
А.С. Пушкин |
| Последующие сведения об ответственности |
[коммент. М.Л. Гофмана |
| -- |
вступ. ст. В.Д. Рака |
| -- |
ил. П. Соколова, гравюры А. Ламота] |
| 210 ## - ПУБЛИКАЦИЯ, РАСПРОСТРАНЕНИЕ И ДР. |
| Место издания, распространения и т.д. |
Москва |
| Имя издателя, распространителя и т. д. |
БММ |
| Место издания, распространения и т.д. |
Харьков |
| Имя издателя, распространителя и т. д. |
Книжный клуб "Клуб семейного досуга" |
| Дата издания, распространения и т.д. |
2012 |
| 215 ## - ФИЗИЧЕСКАЯ ХАРАКТЕРИСТИКА |
| Специфическое обозначение материала и объем |
190, [2] с. |
| Другие сведения о физической характеристике |
ил. |
| Размеры |
18 |
| 225 1# - СЕРИЯ |
| Основное заглавие серии |
Классика в кармане |
| 225 1# - СЕРИЯ |
| Основное заглавие серии |
Проект Д.Е. Веселова |
| 686 2# - ИНДЕКСЫ ДРУГИХ КЛАССИФИКАЦИЙ |
| Индекс |
Ш6(2=Р)51-4 |
| 700 #1 - ИМЯ ЛИЦА - ПЕРВИЧНАЯ ОТВЕТСТВЕННОСТЬ |
| Код отношения |
Автор |
| Графика поля |
Кириллица |
| Материалы, к которым относится поле |
rus |
| Начальный элемент ввода |
Пушкин |
| Часть имени, кроме начального элемента ввода |
А. С. |
| Дополнения к именам, кроме дат |
поэт |
| Даты |
1799-1837 |
| Расширение инициалов личного имени |
Александр Сергеевич |
| Системный номер авторитетной/нормативной записи |
110441 |
| Идентификатор авторитетной/нормативной записи |
RU\NLR\auth\77386 |
| 702 #1 - ИМЯ ЛИЦА - ВТОРИЧНАЯ ОТВЕТСТВЕННОСТЬ |
| Код отношения |
Карикатурист, Художник |
| Графика поля |
Кириллица |
| Материалы, к которым относится поле |
rus |
| Начальный элемент ввода |
Соколов |
| Часть имени, кроме начального элемента ввода |
П. П. |
| Дополнения к именам, кроме дат |
художник |
| Даты |
1826-1905 |
| Расширение инициалов личного имени |
Павел Петрович |
| Системный номер авторитетной/нормативной записи |
90419 |
| Идентификатор авторитетной/нормативной записи |
RU\NLR\AUTH\77107494 |
| 702 #1 - ИМЯ ЛИЦА - ВТОРИЧНАЯ ОТВЕТСТВЕННОСТЬ |
| Начальный элемент ввода |
Ламот |
| Часть имени, кроме начального элемента ввода |
А. |
| Код отношения |
Карикатурист, Художник |
| 801 #0 - ИСТОЧНИК ЗАПИСИ |
| Страна |
Российская Федерация |
| Организация |
NLR |
| Дата составления |
20130603 |
| Правила каталогизации |
RCR |
| 801 #1 - ИСТОЧНИК ЗАПИСИ |
| Страна |
Российская Федерация |
| Организация |
NLR |
| Дата составления |
20130603 |
| 942 ## - ДОПОЛНИТЕЛЬНЫЕ ЭЛЕМЕНТЫ ЗАПИСИ (АБИС) |
| Тип экземпляра АБИС |
Книга |
| 980 ## - КОЛЛЕКЦИЯ |
| Название коллекции |
Национальная библиография |